000
00329nam a22001337a 4500
008
250721b |||||||| |||| 00| 0 eng d
020
_a
9788131707043
050
_a
HD30.4
_b
.S76
100
_a
STONER A. F. James
245
_a
Management
260
_a
India
_b
Pearson India Education Service
_c
1995
300
_a
715p.
942
_c
BK
999
_c
4362
_d
4362